All Olympic Hockey Bronze Medal Winners (Men) - Statistics

General Stats
  • This quiz has been taken 54 times
  • The average score is 16 of 23
Answer Stats
Year Location Winner % Correct
2014 Sochi, Russia Finland
98%
2010 Vancouver, Calgary Finland
92%
1998 Nagano, Japan Finland
92%
2002 Salt Lake City, USA Russia
88%
1992 Albertville, France Czechoslovakia
81%
1994 Lillehammer, Norway Finland
81%
1980 Lake Placid, USA Soviet Union
81%
1988 Calgary, Canada Sweden
77%
1984 Sarajevo, Bosnia and Herzegovina Sweden
77%
1972 Sapporo, Japan Czechoslovakia
75%
1968 Grenoble, France Canada
71%
1956 Cortina D'Ampezzo, Italy Canada
71%
1964 Innsbruck, Austria Czechoslovakia
71%
1976 Innsbruck, Austria West Germany
71%
1952 Oslo, Norway Sweden
69%
1936 Garmisch-Partenkirchen, Germany United States of America
69%
2006 Turin, Italy Czech Republic
67%
1932 Lake Placid, USA Germany
63%
1920 Antwerp, Belgium Czechoslovakia
60%
1948 St. Moritz, Switzerland Switzerland
56%
1928 St. Moritz, Switzerland Switzerland
56%
1960 Squaw Valley, USA Soviet Union
35%
1924 Chamonix, France Great Britain
29%
No matching quizzes found
Score Distribution
Percent of People with Each Score
Percentile by Number Answered
Your Score History
You have not taken this quiz